| 000 -LEADER |
| fixed length control field |
00567nam a22001937a 4500 |
| 008 - FIXED-LENGTH DATA ELEMENTS--GENERAL INFORMATION |
| fixed length control field |
250922b 2025 ||||| |||| 00| 0 eng d |
| 020 ## - INTERNATIONAL STANDARD BOOK NUMBER |
| International Standard Book Number |
9789391247355 |
| 082 ## - DEWEY DECIMAL CLASSIFICATION NUMBER |
| Classification number |
541 |
| Item number |
PUR |
| 100 ## - MAIN ENTRY--PERSONAL NAME |
| Personal name |
Puri, B. R. |
| 245 ## - TITLE STATEMENT |
| Title |
Principles of physical chemistry |
| 260 ## - PUBLICATION, DISTRIBUTION, ETC. (IMPRINT) |
| Place of publication, distribution, etc |
Punjab |
| Name of publisher, distributor, etc |
Vishal Publishing |
| Date of publication, distribution, etc |
2025 |
| 300 ## - PHYSICAL DESCRIPTION |
| Extent |
xii, 1393 pgs. |
| 650 ## - SUBJECT ADDED ENTRY--TOPICAL TERM |
| Topical term or geographic name as entry element |
Molecular spectroscopy - I |
| 650 ## - SUBJECT ADDED ENTRY--TOPICAL TERM |
| Topical term or geographic name as entry element |
Electric and Magnetic Propertied of Molecules |
| 650 ## - SUBJECT ADDED ENTRY--TOPICAL TERM |
| Topical term or geographic name as entry element |
Thermochemistry |
| 700 ## - ADDED ENTRY--PERSONAL NAME |
| Personal name |
Sharma, L. R. |
| Relator term |
Co-author |
| 700 ## - ADDED ENTRY--PERSONAL NAME |
| Personal name |
Pathania, Madan S. |
| Relator term |
Co-author |
| 942 ## - ADDED ENTRY ELEMENTS (KOHA) |
| Item type |
Books |